[Event "Colin Crouch Masters 1st"]
[Site "Harrow High School"]
[Date "2016.04.09"]
[Round "8.11"]
[White "Jones, Steven A"]
[Black "Warman, Simon M"]
[Result "0-1"]
[WhiteElo "2211"]
[BlackElo "2130"]
[PlyCount "178"]
[EventDate "2016.04.02"]
[EventType "swiss"]
[EventRounds "9"]
[EventCountry "ENG"]
[Source "John Saunders"]
[SourceDate "2016.04.28"]
[WhiteClock "1:23:55"]
[BlackClock "0:22:54"]

1. e4 c5 2. Nf3 e6 3. d4 cxd4 4. Nxd4 a6 5. Nc3 Qc7 6. Bd3 Nf6 7. Qe2 Bd6 8.
Bd2 Nc6 9. Nf3 O-O 10. O-O b5 11. Bxb5 axb5 12. Nxb5 Ba6 13. c4 Bxb5 14. cxb5
Ne5 15. Rfc1 Nxf3+ 16. Qxf3 Qb7 17. Qd3 Nxe4 18. f3 Bc5+ 19. Be3 Bxe3+ 20. Qxe3
Nf6 21. a4 Rfc8 22. b4 Nd5 23. Rxc8+ Qxc8 24. Qc5 Qf8 25. a5 Nxb4 26. Qxf8+
Kxf8 27. Rb1 Nd5 28. b6 Rb8 29. b7 Nc7 30. Kf2 Ke7 31. Ke3 d6 32. Kd4 Kd7 33.
Rb6 Nd5 34. Rb2 Kc6 35. a6 Nc7 36. a7 Rxb7 37. Rc2+ Kb6 38. Rxc7 Rxa7 39. Rc2
Ra4+ 40. Ke3 d5 41. Rc8 Ra2 42. g4 Rxh2 43. Rf8 f6 44. Rf7 e5 45. Rxg7 Kc5 46.
Rf7 d4+ 47. Kd3 Rh6 48. Ke4 Kc4 49. Rc7+ Kb3 50. Kd3 Kb2 51. Rc6 Rg6 52. Rc7
Rg8 53. Rxh7 Rc8 54. Rb7+ Kc1 55. Rb3 Rc2 56. Ra3 Rf2 57. Ke4 Re2+ 58. Kf5 Re3
59. Ra1+ Kb2 60. Rf1 d3 61. Kxf6 d2 62. g5 Rxf3+ 63. Rxf3 d1=Q 64. Re3 Qd6+ 65.
Kf5 Qd5 66. Rxe5 Qf7+ 67. Kg4 Kc3 68. Re3+ Kd4 69. Rf3 Qd7+ 70. Kh4 Qh7+ 71.
Kg4 Ke5 72. Re3+ Kd5 73. Rf3 Qe4+ 74. Rf4 Qe2+ 75. Kh4 Ke5 76. Rf6 Qd1 77. Kg3
Qh5 78. Rf2 Qxg5+ 79. Kf3 Qf4+ 80. Ke2 Qg4+ 81. Kf1 Ke4 82. Ke1 Ke3 83. Kf1
Qh3+ 84. Kg1 Qg3+ 85. Kh1 Qh4+ 86. Rh2 Qe1+ 87. Kg2 Qf2+ 88. Kh3 Qf3+ 89. Kh4
Kf4 0-1

[Event "Colin Crouch Masters 1st"]
[Site "Harrow High School"]
[Date "2016.04.09"]
[Round "8.12"]
[White "Stanisz, Patryk"]
[Black "Grieve, Harry"]
[Result "1-0"]
[WhiteElo "2128"]
[BlackElo "2106"]
[PlyCount "53"]
[EventDate "2016.04.02"]
[EventType "swiss"]
[EventRounds "9"]
[EventCountry "ENG"]
[Source "John Saunders"]
[SourceDate "2016.04.28"]
[WhiteClock "0:20:13"]
[BlackClock "0:46:09"]

1. d4 Nf6 2. c4 e6 3. Nc3 Bb4 4. Qc2 O-O 5. Nf3 c5 6. a3 Bxc3+ 7. bxc3 d6 8. e4
Nc6 9. e5 dxe5 10. dxe5 Nd7 11. Ng5 g6 12. f4 Qe7 13. Bd3 f6 14. exf6 Qxf6 15.
O-O Ne7 16. Bd2 e5 17. fxe5 Qxe5 18. Rae1 Rxf1+ 19. Bxf1 Qf6 20. Qe4 Nc6 21.
Qd5+ Kg7 22. Ne6+ Kh8 23. Nc7 Rb8 24. Bh6 Nde5 25. Ne8 Qe6 26. Bg7+ Kg8 27.
Bxe5 1-0

[Event "Colin Crouch Masters 1st"]
[Site "Harrow High School"]
[Date "2016.04.09"]
[Round "8.13"]
[White "Topal, M Onat"]
[Black "Young, Daniel J"]
[Result "1-0"]
[WhiteElo "1998"]
[BlackElo "1807"]
[PlyCount "97"]
[EventDate "2016.04.02"]
[EventType "swiss"]
[EventRounds "9"]
[EventCountry "ENG"]
[Source "John Saunders"]
[SourceDate "2016.04.28"]
[WhiteClock "0:29:11"]
[BlackClock "0:27:02"]

1. g3 d5 2. Bg2 Nf6 3. c4 c6 4. d4 g6 5. Nc3 dxc4 6. a4 Bg7 7. Nf3 Nbd7 8. O-O
O-O 9. e4 Qa5 10. Bf4 Nh5 11. Be3 e5 12. d5 Nc5 13. Nd2 cxd5 14. exd5 f5 15.
Nxc4 Qb4 16. Nd6 Nb3 17. Ra3 Qxd6 18. Rxb3 a6 19. a5 Nf6 20. Rb6 Qd8 21. Bg5 h6
22. Bxf6 Rxf6 23. d6 e4 24. Qd5+ Kh7 25. Rd1 Qd7 26. Bh3 Rf7 27. Nxe4 Qa4 28.
Nc5 Qxa5 29. Qxf7 Qxb6 30. d7 Bxd7 31. Rxd7 Qxb2 32. Ne6 Rg8 33. Rxb7 Qa1+ 34.
Bf1 a5 35. Nxg7 Rxg7 36. Qxg7+ Qxg7 37. Rxg7+ Kxg7 38. Bb5 Kf6 39. Kg2 Ke5 40.
Kf3 g5 41. Be8 f4 42. gxf4+ gxf4 43. Bd7 Kd6 44. Bb5 Ke5 45. Ba4 Kf5 46. h4 Ke5
47. Kg4 Ke4 48. Bc6+ Kd3 49. Kxf4 1-0

[Event "Colin Crouch Masters 1st"]
[Site "Harrow High School"]
[Date "2016.04.09"]
[Round "8.14"]
[White "Rudd, Jack"]
[Black "Fegan, Chris"]
[Result "0-1"]
[WhiteElo "2263"]
[BlackElo "2079"]
[PlyCount "114"]
[EventDate "2016.04.02"]
[EventType "swiss"]
[EventRounds "9"]
[EventCountry "ENG"]
[Source "John Saunders"]
[SourceDate "2016.04.28"]
[WhiteClock "1:11:43"]
[BlackClock "0:15:19"]

1. e4 c5 2. Nf3 d6 3. d4 cxd4 4. Nxd4 Nf6 5. Nc3 g6 6. Be3 Bg7 7. Be2 O-O 8. f4
Nc6 9. Nb3 a6 10. g4 b5 11. g5 Nd7 12. h4 Nb6 13. h5 b4 14. Nd5 Na4 15. hxg6
fxg6 16. Bc4 e6 17. Qg4 Nxb2 18. Nf6+ Kf7 19. Be2 Bxf6 20. gxf6 Rh8 21. e5 Bb7
22. Bc1 Na4 23. Bc4 d5 24. Bd3 Qg8 25. a3 h5 26. Qg5 Nc3 27. Nc5 Nd4 28. Bxg6+
Qxg6 29. Qxg6+ Kxg6 30. Rg1+ Kf7 31. Rg7+ Kf8 32. Rxb7 Ne4 33. Nd7+ Kg8 34. Nb6
Rh7 35. Rxh7 Kxh7 36. Nxa8 Nxc2+ 37. Kd1 Nxa1 38. Bb2 h4 39. Ke2 Nc2 40. Nc7 h3
41. Kf1 Ne3+ 42. Kg1 Ng4 43. Bd4 Ng3 44. f7 h2+ 45. Kg2 h1=Q+ 46. Kxg3 Kg7 47.
Nxe6+ Kxf7 48. Ng5+ Ke8 49. Kxg4 Qd1+ 50. Nf3 bxa3 51. f5 a2 52. f6 a1=Q 53.
Bxa1 Qxa1 54. Kf5 Qf1 55. Kg4 Qe2 56. Kf4 Qe4+ 57. Kg3 Qf5 0-1

[Event "Colin Crouch Masters 1st"]
[Site "Harrow High School"]
[Date "2016.04.09"]
[Round "8.15"]
[White "Golding, James"]
[Black "Moreby, James"]
[Result "0-1"]
[WhiteElo "2095"]
[BlackElo "2008"]
[PlyCount "44"]
[EventDate "2016.04.02"]
[EventType "swiss"]
[EventRounds "9"]
[EventCountry "ENG"]
[Source "John Saunders"]
[SourceDate "2016.04.28"]
[WhiteClock "0:53:18"]
[BlackClock "0:57:18"]

1. d4 Nf6 2. c4 e6 3. Nf3 b6 4. e3 Bb7 5. Bd3 Be7 6. O-O O-O 7. b3 c5 8. Nbd2
cxd4 9. exd4 d5 10. Bb2 Nc6 11. Rc1 Rc8 12. Qe2 Qd6 13. Rfd1 Qf4 14. cxd5 Nxd5
15. Qe4 Qh6 16. Qe1 Nf4 17. Bb1 Nb4 18. Qe3 Nbd5 19. Qe1 Nxg2 20. Kxg2 Nf4+ 21.
Kg3 Bh4+ 22. Nxh4 Qg5# 0-1

[Event "Colin Crouch Masters 1st"]
[Site "Harrow High School"]
[Date "2016.04.09"]
[Round "8.16"]
[White "Brozel, Sacha"]
[Black "Golding, Alex"]
[Result "1-0"]
[WhiteElo "1981"]
[BlackElo "1994"]
[PlyCount "91"]
[EventDate "2016.04.02"]
[EventType "swiss"]
[EventRounds "9"]
[EventCountry "ENG"]
[Source "John Saunders"]
[SourceDate "2016.04.28"]
[WhiteClock "0:15:22"]
[BlackClock "1:07:03"]

1. c4 Nf6 2. g3 g6 3. Bg2 Bg7 4. Nc3 O-O 5. e4 d6 6. Nge2 c5 7. O-O h5 8. h3 h4
9. g4 Nxg4 10. hxg4 Bxg4 11. d3 h3 12. Bh1 h2+ 13. Kxh2 e6 14. f3 Qh4+ 15. Kg1
Be5 16. Bf4 Bh3 17. Bxe5 Bxf1 18. Bg3 Bxe2 19. Nxe2 Qe7 20. Qd2 Kg7 21. Kf2 Nc6
22. Rg1 e5 23. f4 Qf6 24. Ke1 Rh8 25. Rf1 exf4 26. Nxf4 Nd4 27. Nh5+ Rxh5 28.
Rxf6 Rxh1+ 29. Rf1 Nf3+ 30. Ke2 Nxd2 31. Rxh1 Nxe4 32. dxe4 Re8 33. Kf3 b6 34.
Rd1 f5 35. exf5 Rf8 36. Rd5 gxf5 37. Bxd6 Rf7 38. Kf4 Kg6 39. Re5 Rf6 40. Be7
Rf7 41. Bg5 Rd7 42. Re6+ Kf7 43. Kxf5 Rb7 44. Rh6 Kg7 45. Rg6+ Kf7 46. Bh6 1-0

[Event "Colin Crouch Masters 1st"]
[Site "Harrow High School"]
[Date "2016.04.09"]
[Round "8.17"]
[White "Armstrong, William G"]
[Black "Mandnikar, Atreya"]
[Result "1/2-1/2"]
[WhiteElo "1868"]
[BlackElo "1689"]
[PlyCount "89"]
[EventDate "2016.04.02"]
[EventType "swiss"]
[EventRounds "9"]
[EventCountry "ENG"]
[Source "John Saunders"]
[SourceDate "2016.04.28"]

1. c4 c5 2. Nc3 e6 3. e3 d5 4. Nf3 Nf6 5. cxd5 exd5 6. d4 cxd4 7. Bb5+ Nc6 8.
Nxd4 Bd7 9. O-O Be7 10. Re1 O-O 11. Bd3 Rc8 12. Bd2 Ne5 13. Be2 Nc4 14. Bxc4
Rxc4 15. b3 Rc8 16. Rc1 Bg4 17. f3 Bh5 18. Nce2 Bg6 19. Nf4 Re8 20. Nxg6 hxg6
21. Rxc8 Qxc8 22. Qe2 Bd6 23. g3 Nd7 24. Nb5 Bc5 25. Kg2 a6 26. Rc1 axb5 27. b4
Qa8 28. bxc5 Qxa2 29. Kf1 Qb2 30. Qd1 Qa3 31. Rc3 Qa6 32. Kf2 Ne5 33. Bc1 Qc6
34. Qd4 Nc4 35. Rb3 Rc8 36. Bb2 f6 37. g4 Qxc5 38. Qxc5 Rxc5 39. Bd4 Rc7 40.
Rxb5 Rd7 41. Rc5 b6 42. Rc8+ Kf7 43. Rb8 Rd6 44. Rb7+ Kg8 45. Rb8+ 1/2-1/2

[Event "Colin Crouch Masters 1st"]
[Site "Harrow High School"]
[Date "2016.04.09"]
[Round "8.18"]
[White "De Paolis, Fabrizio"]
[Black "Rice, Chris B"]
[Result "1/2-1/2"]
[WhiteElo "1878"]
[BlackElo "2038"]
[PlyCount "81"]
[EventDate "2016.04.02"]
[EventType "swiss"]
[EventRounds "9"]
[EventCountry "ENG"]
[Source "John Saunders"]
[SourceDate "2016.04.28"]
[WhiteClock "0:02:51"]
[BlackClock "0:01:34"]

1. d4 d5 2. c4 c6 3. Nf3 Nf6 4. e3 Bf5 5. cxd5 cxd5 6. Nc3 e6 7. Bb5+ Nc6 8.
Ne5 Rc8 9. g4 Be4 10. f3 Bg6 11. h4 h6 12. Nxg6 fxg6 13. Bd3 Kf7 14. f4 Bb4 15.
Bd2 a6 16. Qf3 Ne7 17. a3 Ba5 18. Rc1 b5 19. O-O Qd7 20. Nb1 Bxd2 21. Nxd2 Rxc1
22. Rxc1 Rc8 23. Rxc8 Qxc8 24. Nb3 Qc7 25. Nc5 Qa5 26. Qe2 Qb6 27. Kg2 Qd6 28.
Kf3 h5 29. g5 Ne8 30. Qc2 Qc6 31. a4 Nf5 32. Bxf5 exf5 33. axb5 axb5 34. Qb3
Nd6 35. Nd3 Ke6 36. Ne5 Qc1 37. Ke2 Qh1 38. Nxg6 Qg2+ 39. Kd1 Qg1+ 40. Kc2 Qf2+
41. Kb1 1/2-1/2

[Event "Colin Crouch Masters 1st"]
[Site "Harrow High School"]
[Date "2016.04.09"]
[Round "8.19"]
[White "Robinson, Nette"]
[Black "Chan, Nevil"]
[Result "0-1"]
[WhiteElo "1501"]
[BlackElo "2023"]
[PlyCount "108"]
[EventDate "2016.04.02"]
[EventType "swiss"]
[EventRounds "9"]
[EventCountry "ENG"]
[Source "John Saunders"]
[SourceDate "2016.04.28"]
[WhiteClock "0:18:26"]
[BlackClock "0:04:42"]

1. g3 e5 2. c4 Bc5 3. Bg2 Nf6 4. Nc3 O-O 5. d3 d6 6. Nf3 h6 7. O-O a5 8. Rb1
Re8 9. a3 c6 10. b4 axb4 11. axb4 Ba7 12. Bd2 Be6 13. Qc2 Nbd7 14. Rb2 d5 15.
Na4 Rc8 16. c5 Qe7 17. e3 Bf5 18. Re1 Bh7 19. e4 d4 20. Reb1 Kh8 21. Nh4 Red8
22. Nf5 Bxf5 23. exf5 Ne8 24. Re1 Nc7 25. f4 f6 26. Rbb1 Qf7 27. Qd1 Re8 28.
Qf3 Nd5 29. g4 Bb8 30. g5 exf4 31. gxh6 Ne3 32. Re2 gxh6 33. Qh3 Kh7 34. Bf3
Rg8+ 35. Kh1 Rg5 36. Rg1 Rcg8 37. Rxg5 Rxg5 38. Bxe3 fxe3 39. Nb2 Qg7 40. Rg2
Ne5 41. Be2 Bc7 42. Bf1 b6 43. Na4 Ng4 44. Qf3 Nxh2 45. Rxg5 hxg5 46. Qh3+ Kg8
47. cxb6 Bf4 48. Nc5 Nxf1 49. Qxf1 Qh7+ 50. Kg2 Qh2+ 51. Kf3 e2 52. Qxe2 g4+
53. Ke4 Qxe2+ 54. Kxf4 Qf3# 0-1

[Event "Colin Crouch Masters 1st"]
[Site "Harrow High School"]
[Date "2016.04.10"]
[Round "9.2"]
[White "Vakhidov, Jahongir"]
[Black "Batchelor, Peter J"]
[Result "1-0"]
[WhiteElo "2576"]
[BlackElo "2335"]
[PlyCount "71"]
[EventDate "2016.04.02"]
[EventType "swiss"]
[EventRounds "9"]
[EventCountry "ENG"]
[Source "John Saunders"]
[SourceDate "2016.04.28"]
[WhiteClock "0:05:44"]
[BlackClock "0:00:33"]

1. c4 c6 2. d4 d5 3. Nf3 Nf6 4. e3 e6 5. Bd3 Nbd7 6. b3 Bd6 7. Bb2 b6 8. Nbd2
Bb7 9. O-O Qe7 10. Ne5 O-O 11. f4 c5 12. a3 Ne4 13. cxd5 exd5 14. Nxe4 dxe4 15.
Bc4 Rad8 16. Ng4 Kh8 17. Nh6 Nf6 18. Nf5 Qc7 19. Qe1 Bc8 20. dxc5 Bxf5 21. cxd6
Qxd6 22. Be5 Qe7 23. Qb4 Nd5 24. Qxe7 Nxe7 25. Rfd1 Rxd1+ 26. Rxd1 f6 27. Bc3
Rc8 28. a4 h6 29. Rd6 Rc7 30. Rd8+ Kh7 31. h3 Rc8 32. Rd2 h5 33. Bb2 Nc6 34. g4
Bg6 35. g5 Na5 36. Be6 1-0

[Event "Colin Crouch Masters 1st"]
[Site "Harrow High School"]
[Date "2016.04.10"]
[Round "9.3"]
[White "Tan, Justin"]
[Black "Jackson, James P"]
[Result "1-0"]
[WhiteElo "2452"]
[BlackElo "2348"]
[PlyCount "101"]
[EventDate "2016.04.02"]
[EventType "swiss"]
[EventRounds "9"]
[EventCountry "ENG"]
[Source "John Saunders"]
[SourceDate "2016.04.28"]
[WhiteClock "0:18:03"]
[BlackClock "0:16:08"]

1. e4 e5 2. Nf3 Nc6 3. Bb5 a6 4. Ba4 Nf6 5. O-O Be7 6. Re1 b5 7. Bb3 d6 8. c3
O-O 9. h3 Nb8 10. d4 Nbd7 11. Nbd2 Bb7 12. Bc2 Re8 13. Nf1 Bf8 14. Ng3 g6 15.
Bg5 h6 16. Bd2 Bg7 17. a4 d5 18. dxe5 Nxe4 19. Nxe4 dxe4 20. Bxe4 Bxe4 21. Rxe4
Nxe5 22. Nxe5 Bxe5 23. Qe2 Rb8 24. axb5 axb5 25. Bxh6 Bd6 26. Re1 Rxe4 27. Qxe4
Qf6 28. Be3 c5 29. Rd1 b4 30. g3 Bf8 31. Qf4 Qxf4 32. Bxf4 Ra8 33. Be5 b3 34.
Kg2 c4 35. Kf3 f6 36. Bxf6 Ra2 37. Rb1 Kf7 38. Bd4 Ke6 39. Ke4 Be7 40. f4 Bf8
41. g4 Ra5 42. Be5 Bc5 43. h4 Bb6 44. h5 gxh5 45. gxh5 Kf7 46. Rd1 Ra7 47. Kf5
Kg8 48. Kg6 Bc5 49. Rd8+ Bf8 50. Bd6 Rg7+ 51. Kf5 1-0

[Event "Colin Crouch Masters 1st"]
[Site "Harrow High School"]
[Date "2016.04.10"]
[Round "9.4"]
[White "Lalic, Bogdan"]
[Black "Gormally, Daniel W"]
[Result "1/2-1/2"]
[WhiteElo "2425"]
[BlackElo "2490"]
[PlyCount "80"]
[EventDate "2016.04.02"]
[EventType "swiss"]
[EventRounds "9"]
[EventCountry "ENG"]
[Source "John Saunders"]
[SourceDate "2016.04.28"]
[WhiteClock "0:45:42"]
[BlackClock "1:04:23"]

1. d4 d5 2. c4 c6 3. Nc3 Nf6 4. cxd5 cxd5 5. Bf4 Nc6 6. e3 a6 7. Bd3 Bg4 8.
Nge2 e6 9. O-O Be7 10. Rc1 O-O 11. Na4 Nd7 12. f3 Bh5 13. Qb3 Ra7 14. Bg3 Bg6
15. Nf4 Bg5 16. Rfe1 Bxf4 17. Bxf4 Bxd3 18. Qxd3 Qa5 19. b3 Raa8 20. Re2 Rac8
21. Rec2 Rfe8 22. Bg3 h6 23. Qd2 Qxd2 24. Rxd2 Nb4 25. Rxc8 Rxc8 26. Bd6 Nc6
27. Rc2 Ne7 28. Rxc8+ Nxc8 29. Ba3 f6 30. Kf2 Kf7 31. Nc3 h5 32. h3 Ne7 33. g4
hxg4 34. hxg4 g5 35. e4 Nc6 36. Ke3 e5 37. Ne2 exd4+ 38. Nxd4 Nxd4 39. Kxd4
dxe4 40. Kxe4 Ke6 1/2-1/2

[Event "Colin Crouch Masters 1st"]
[Site "Harrow High School"]
[Date "2016.04.10"]
[Round "9.5"]
[White "Fodor, Tamas Jr"]
[Black "Wadsworth, Matthew J"]
[Result "1-0"]
[WhiteElo "2505"]
[BlackElo "2290"]
[PlyCount "91"]
[EventDate "2016.04.02"]
[EventType "swiss"]
[EventRounds "9"]
[EventCountry "ENG"]
[Source "John Saunders"]
[SourceDate "2016.04.28"]
[WhiteClock "0:35:18"]
[BlackClock "0:14:03"]

1. Nf3 d5 2. g3 Nf6 3. Bg2 c6 4. c4 dxc4 5. O-O Nbd7 6. Na3 Nb6 7. Qc2 Be6 8.
Ng5 Bg4 9. Nxc4 Bxe2 10. Ne5 Bh5 11. Re1 h6 12. Ne4 e6 13. Nxf6+ gxf6 14. Nxc6
bxc6 15. Bxc6+ Nd7 16. Qf5 Bg6 17. Rxe6+ Be7 18. Qxf6 Rg8 19. Re1 Kf8 20. Qf3
Rc8 21. d4 Bg5 22. d5 Bxc1 23. Raxc1 Kg7 24. Qa3 Nf6 25. b4 Qd6 26. Qb2 Kh7 27.
b5 Rgd8 28. Rcd1 Ne4 29. Qd4 Ng5 30. Kg2 a6 31. a4 axb5 32. axb5 f5 33. f3 Bh5
34. Rd3 Rg8 35. Qe5 Qb4 36. d6 Nf7 37. Qe6 Rcd8 38. d7 Rg7 39. Re2 Qb1 40. Qd5
Ng5 41. Rd1 Qb4 42. Qxf5+ Bg6 43. Qf6 Qc4 44. Rdd2 Qg8 45. h4 Rf7 46. Qd6 1-0

[Event "Colin Crouch Masters 1st"]
[Site "Harrow High School"]
[Date "2016.04.10"]
[Round "9.6"]
[White "Britton, Richard L"]
[Black "Kalaiyalahan, Akshaya"]
[Result "0-1"]
[WhiteElo "2186"]
[BlackElo "2212"]
[PlyCount "88"]
[EventDate "2016.04.02"]
[EventType "swiss"]
[EventRounds "9"]
[EventCountry "ENG"]
[Source "John Saunders"]
[SourceDate "2016.04.28"]
[WhiteClock "0:19:21"]
[BlackClock "0:29:59"]

1. e4 c5 2. Nf3 e6 3. d3 Nc6 4. g3 Nf6 5. Bg2 Be7 6. O-O d6 7. Re1 O-O 8. c3
Bd7 9. Nbd2 Qc7 10. Nf1 Rac8 11. Qe2 Rfd8 12. h4 b5 13. N3h2 b4 14. f4 bxc3 15.
bxc3 Qa5 16. Bd2 Rb8 17. Ne3 Ne8 18. Rf1 Qa6 19. Nf3 Rb2 20. Nc4 Rxa2 21. Rae1
Na5 22. Nxa5 Qxa5 23. Ng5 Nc7 24. e5 d5 25. Rf2 h6 26. Nf3 Qa6 27. Bf1 Nb5 28.
d4 c4 29. Qe3 Rc2 30. Be2 Ra2 31. g4 Na3 32. Bd1 Rb8 33. h5 Rb1 34. g5 Raa1 35.
Rff1 Ba4 36. Bxa4 Qxa4 37. Rxb1 Rxb1 38. Rxb1 Nxb1 39. Be1 Qc2 40. gxh6 gxh6
41. Nh2 Qd3 42. Qf2 Nxc3 43. Bxc3 Qxc3 44. Ng4 Qh3 0-1

[Event "Colin Crouch Masters 1st"]
[Site "Harrow High School"]
[Date "2016.04.10"]
[Round "9.7"]
[White "Hill, Alistair"]
[Black "Santos Ruiz, Miguel"]
[Result "1/2-1/2"]
[WhiteElo "2204"]
[BlackElo "2422"]
[PlyCount "28"]
[EventDate "2016.04.02"]
[EventType "swiss"]
[EventRounds "9"]
[EventCountry "ENG"]
[Source "John Saunders"]
[SourceDate "2016.04.28"]
[WhiteClock "1:02:48"]
[BlackClock "1:07:54"]

1. d4 f5 2. Nf3 Nf6 3. g3 g6 4. Bg2 Bg7 5. O-O O-O 6. c4 d6 7. Nc3 c6 8. b4 e5
9. dxe5 dxe5 10. e4 Nbd7 11. Qb3 a5 12. Ba3 Nxe4 13. Nxe4 fxe4 14. Nd2 Nf6
1/2-1/2

[Event "Colin Crouch Masters 1st"]
[Site "Harrow High School"]
[Date "2016.04.10"]
[Round "9.8"]
[White "Lyell, Mark"]
[Black "Brzezinski, Adam"]
[Result "1-0"]
[WhiteElo "2242"]
[BlackElo "2203"]
[PlyCount "63"]
[EventDate "2016.04.02"]
[EventType "swiss"]
[EventRounds "9"]
[EventCountry "ENG"]
[Source "John Saunders"]
[SourceDate "2016.04.28"]
[WhiteClock "0:11:05"]
[BlackClock "0:29:45"]

1. e4 e6 2. d4 d5 3. Nd2 Be7 4. Ngf3 Nf6 5. e5 Nfd7 6. Bd3 c5 7. c3 Nc6 8. O-O
g5 9. b3 g4 10. Ne1 h5 11. Nc2 Qb6 12. Bb2 Rg8 13. f4 f5 14. Kh1 Nf8 15. dxc5
Bxc5 16. b4 Be7 17. a4 Bd7 18. Nb3 Ng6 19. a5 Qc7 20. b5 Nd8 21. Ne3 a6 22. b6
Qb8 23. c4 dxc4 24. Bxc4 Bb5 25. Bxb5+ axb5 26. Qd3 b4 27. Nd4 Qc8 28. Nb5 Kf7
29. Nd6+ Bxd6 30. exd6 Nc6 31. d7 Qb8 32. Nxf5 1-0

[Event "Colin Crouch Masters 1st"]
[Site "Harrow High School"]
[Date "2016.04.10"]
[Round "9.9"]
[White "Warman, Simon M"]
[Black "Topal, M Onat"]
[Result "1-0"]
[WhiteElo "2130"]
[BlackElo "1998"]
[PlyCount "51"]
[EventDate "2016.04.02"]
[EventType "swiss"]
[EventRounds "9"]
[EventCountry "ENG"]
[Source "John Saunders"]
[SourceDate "2016.04.28"]
[WhiteClock "1:04:55"]
[BlackClock "0:24:54"]

1. e4 c6 2. d4 d5 3. Nd2 dxe4 4. Nxe4 Bf5 5. Ng3 Bg6 6. Nf3 Nd7 7. Bd3 e6 8.
O-O Ngf6 9. Re1 Bd6 10. c4 O-O 11. Bxg6 hxg6 12. Bg5 Qc7 13. Rc1 c5 14. d5 exd5
15. cxd5 Nb6 16. Bxf6 gxf6 17. Ne4 Kg7 18. b4 c4 19. Nxf6 Be7 20. Ng4 Rad8 21.
Qd4+ Kh7 22. Rxe7 Qxe7 23. Nf6+ Kg7 24. Ne8+ Kh6 25. Qg7+ Kh5 26. h3 1-0

[Event "Colin Crouch Masters 1st"]
[Site "Harrow High School"]
[Date "2016.04.10"]
[Round "9.10"]
[White "Kalavannan, Koby"]
[Black "Stanisz, Patryk"]
[Result "1-0"]
[WhiteElo "2094"]
[BlackElo "2128"]
[PlyCount "91"]
[EventDate "2016.04.02"]
[EventType "swiss"]
[EventRounds "9"]
[EventCountry "ENG"]
[Source "John Saunders"]
[SourceDate "2016.04.28"]

1. d4 f5 2. c4 Nf6 3. Nf3 g6 4. g3 Bg7 5. Bg2 d6 6. Nc3 O-O 7. O-O Qe8 8. b4 e5
9. dxe5 dxe5 10. Qb3 e4 11. Nd4 Nc6 12. Nxc6 bxc6 13. Be3 Qf7 14. Rac1 Ng4 15.
Bc5 Re8 16. Nd1 Be6 17. f3 exf3 18. exf3 Ne5 19. Nb2 f4 20. gxf4 Qxf4 21. Be3
Qh4 22. Bf2 Qh5 23. Bg3 Bh3 24. Rcd1 Bxg2 25. Kxg2 g5 26. c5+ Kh8 27. Nc4 Ng6
28. Ne3 Nh4+ 29. Bxh4 gxh4 30. Kh1 h3 31. Ng4 Qh4 32. Qc2 h5 33. Nf2 Bd4 34.
Ne4 Be5 35. Rd7 Rad8 36. Rf7 Rf8 37. Ng5 Rxf7 38. Nxf7+ Kg7 39. Nxe5 Qf6 40.
Rg1+ Kh8 41. Rg5 Rd7 42. Rxh5+ Kg8 43. Qc4+ Rd5 44. Qg4+ Kf8 45. Qc8+ Rd8 46.
Qxd8+ 1-0

[Event "Colin Crouch Masters 1st"]
[Site "Harrow High School"]
[Date "2016.04.10"]
[Round "9.11"]
[White "Harari, Zaki"]
[Black "Jones, Steven A"]
[Result "1-0"]
[WhiteElo "2065"]
[BlackElo "2211"]
[PlyCount "63"]
[EventDate "2016.04.02"]
[EventType "swiss"]
[EventRounds "9"]
[EventCountry "ENG"]
[Source "John Saunders"]
[SourceDate "2016.04.28"]
[WhiteClock "0:05:09"]
[BlackClock "0:02:45"]

1. e4 e5 2. Nf3 Nc6 3. Bb5 a6 4. Ba4 Nf6 5. Qe2 b5 6. Bb3 Bc5 7. c3 d6 8. O-O
O-O 9. d3 Be6 10. Bxe6 fxe6 11. Nbd2 Qe7 12. a4 b4 13. Nc4 h6 14. Be3 Bxe3 15.
Qxe3 bxc3 16. bxc3 Rfb8 17. Rfb1 Qe8 18. Qd2 Ne7 19. Qa2 Ng6 20. g3 Nd7 21. Ne3
Nc5 22. Qc4 Qf7 23. Nd2 Rf8 24. Rf1 Rfb8 25. Ra2 Rb7 26. d4 Nd7 27. Qc6 Rab8
28. Qxa6 d5 29. Qd3 c5 30. exd5 cxd4 31. cxd4 exd4 32. Qxd4 1-0

[Event "Colin Crouch Masters 1st"]
[Site "Harrow High School"]
[Date "2016.04.10"]
[Round "9.12"]
[White "Fegan, Chris"]
[Black "Willmoth, Robert F"]
[Result "0-1"]
[WhiteElo "2079"]
[BlackElo "2152"]
[PlyCount "96"]
[EventDate "2016.04.02"]
[EventType "swiss"]
[EventRounds "9"]
[EventCountry "ENG"]
[Source "John Saunders"]
[SourceDate "2016.04.28"]
[WhiteClock "0:01:32"]
[BlackClock "0:14:33"]

1. e4 d6 2. Nf3 Nf6 3. d3 c5 4. c3 Nc6 5. Bg5 e5 6. Be2 Be7 7. O-O d5 8. Nbd2
h6 9. Bh4 Be6 10. Bg3 Nd7 11. exd5 Bxd5 12. Nc4 O-O 13. Ncxe5 Ndxe5 14. Nxe5
Nxe5 15. Bxe5 Bxg2 16. Kxg2 Qd5+ 17. f3 Qxe5 18. f4 Qf6 19. Qe1 Bd6 20. Qf2
Rfe8 21. Rae1 Re7 22. d4 Re4 23. dxc5 Rxf4 24. Bf3 Qg5+ 25. Kh1 Bxc5 26. Qe2
Rb8 27. Qe5 Qxe5 28. Rxe5 Bd6 29. Rd5 Rf6 30. Bg2 Rxf1+ 31. Bxf1 Rd8 32. c4 b6
33. b4 g5 34. c5 bxc5 35. bxc5 Bc7 36. Rf5 Kg7 37. Bc4 f6 38. h3 Rd2 39. Rd5
Rxd5 40. Bxd5 f5 41. Kg2 Kf6 42. Kf3 h5 43. Bc6 g4+ 44. Kg2 Kg5 45. Bd7 f4 46.
Kf2 Ba5 47. Kg2 f3+ 48. Kf2 Kf4 0-1

[Event "Colin Crouch Masters 1st"]
[Site "Harrow High School"]
[Date "2016.04.10"]
[Round "9.13"]
[White "Young, Daniel J"]
[Black "Moreby, James"]
[Result "0-1"]
[WhiteElo "1807"]
[BlackElo "2008"]
[PlyCount "50"]
[EventDate "2016.04.02"]
[EventType "swiss"]
[EventRounds "9"]
[EventCountry "ENG"]
[Source "John Saunders"]
[SourceDate "2016.04.28"]
[WhiteClock "0:14:07"]
[BlackClock "0:26:45"]

1. e4 e6 2. d4 d5 3. Nc3 Nf6 4. e5 Nfd7 5. f4 c5 6. Nf3 Nc6 7. Be3 a6 8. Qd2 b5
9. dxc5 Bxc5 10. Bd3 Qb6 11. Bf2 O-O 12. O-O h6 13. Rae1 Re8 14. a3 Bb7 15. b4
Bxf2+ 16. Rxf2 Rac8 17. f5 d4 18. f6 dxc3 19. Qf4 Ncxe5 20. Nxe5 Nxf6 21. Nd7
Nxd7 22. Qxf7+ Kh8 23. Qxd7 Rf8 24. Ref1 Rxf2 25. Rxf2 Rf8 0-1

[Event "Colin Crouch Masters 1st"]
[Site "Harrow High School"]
[Date "2016.04.10"]
[Round "9.14"]
[White "Grieve, Harry"]
[Black "Brozel, Sacha"]
[Result "1/2-1/2"]
[WhiteElo "2106"]
[BlackElo "1981"]
[PlyCount "53"]
[EventDate "2016.04.02"]
[EventType "swiss"]
[EventRounds "9"]
[EventCountry "ENG"]
[Source "John Saunders"]
[SourceDate "2016.04.28"]
[WhiteClock "0:48:31"]
[BlackClock "0:41:27"]

1. e3 Nf6 2. b3 b6 3. Bb2 Bb7 4. Nf3 e6 5. Be2 Be7 6. O-O O-O 7. c4 c5 8. d4 d6
9. Nc3 Nbd7 10. d5 e5 11. Nd2 Ne8 12. f4 f5 13. fxe5 Nxe5 14. e4 f4 15. Na4 Ng6
16. Bh5 Bf6 17. Bxg6 hxg6 18. Qg4 g5 19. e5 dxe5 20. Bxe5 Bc8 21. Qe2 Nd6 22.
Bxf6 Qxf6 23. Ne4 Qd4+ 24. Nf2 Re8 25. Qb2 Qe3 26. Qc3 Qd4 27. Qb2 1/2-1/2